Diagnóstico de los acueductos Cot, Potrero Cerrado y San Juan Chicuá en la parte alta de la Cuenca del río Reventazón
Salvato in:
| Autore principale: | |
|---|---|
| Natura: | Libro |
| Lingua: | Spanish |
| Pubblicazione: |
San José, [Costa Rica]
2016
|
| Soggetti: |
SUMINISTRO DE AGUA - LEGISLACION - COSTA RICA - REGLAMENTOS
> SUMINISTRO DE AGUA - ADMINISTRACION - COSTA RICA
> ASOCIACIONES - ADMINISTRACION - COSTA RICA
> PROCESOS DE POTABILIZACION DEL AGUA
> CALIDAD DEL AGUA - PRUEBAS
> ANALISIS DEL AGUA
> ASOCIACIONES ADMINISTRADORAS DE SISTEMAS DE ACUEDUCTOS Y ALCANTARILLADOS COMUNALES
> AGUA POTABLE - COSTA RICA
> COT (OREAMUNO, CARTAGO, COSTA RICA)
> POTRERO CERRADO (OREAMUNO, CARTAGO, COSTA RICA)
|
| Tags: |
Aggiungi Tag
Nessun Tag, puoi essere il primo ad aggiungerne!!
|
MARC
| LEADER | 00000nam a22000007a 4500 | ||
|---|---|---|---|
| 003 | 012525 | ||
| 005 | 20221231144142.0 | ||
| 008 | 170131b2016 cr a|||| m||| 00| ||spa d | ||
| 040 | |c cru CEDI | ||
| 090 | |a TFG 7676 | ||
| 100 | |9 6691 |a Monge Soto, Jessica | ||
| 245 | |a Diagnóstico de los acueductos Cot, Potrero Cerrado y San Juan Chicuá en la parte alta de la Cuenca del río Reventazón | ||
| 260 | |a San José, [Costa Rica] |c 2016 | ||
| 300 | |a xvii, 136[25]hojas : ilustraciones a color | ||
| 500 | |a Proyecto de graduación (licenciatura en ingeniería civil)--Universidad de Costa Rica. Facultad de Ingeniería. Escuela de Ingeniería Civil | ||
| 650 | |x SUMINISTRO DE AGUA - LEGISLACION - COSTA RICA - REGLAMENTOS |x SUMINISTRO DE AGUA - ADMINISTRACION - COSTA RICA |x ASOCIACIONES - ADMINISTRACION - COSTA RICA |x PROCESOS DE POTABILIZACION DEL AGUA |x CALIDAD DEL AGUA - PRUEBAS |x ANALISIS DEL AGUA |x ASOCIACIONES ADMINISTRADORAS DE SISTEMAS DE ACUEDUCTOS Y ALCANTARILLADOS COMUNALES |x AGUA POTABLE - COSTA RICA |x COT (OREAMUNO, CARTAGO, COSTA RICA) |x POTRERO CERRADO (OREAMUNO, CARTAGO, COSTA RICA) |9 6692 | ||
| 942 | |c TFG | ||
| 999 | |c 17642 |d 17642 | ||
